000 00290nam a22001337a 4500
008 181009b xxu||||| |||| 00| 0 eng d
020 _a9780826904256
041 _aeng
080 _24th
_a720
100 _a41
101 _aARK
245 _aPrintreading
_cProctor,Th.E
942 _2udc
_cBK
999 _c49177
_d49177